British Soaps By Fictional Locations Quiz Stats

 Plays Quiz not verified by Sporcle

Challenge
Share
Tweet
Embed
Score 0/22 Timer 06:00
0 Plays Today
Setting Soap % Correct
WeatherfieldCoronation Street
96.7%
WalfordEastEnders
94.6%
Sun HillThe Bill
69%
BeckindaleEmmerdale Farm
63.6%
AmbridgeThe Archers
51%
LetherbridgeDoctors
34.6%
Kings OakCrossroads
34.1%
GlendarrochTake the High Road
32.8%
Los BarcosEldorado
30.3%
CwmderiPobol y Cwm
16.9%
CharnhamFamily Affairs
9%
Setting Soap % Correct
ShieldinchRiver City
8.7%
ElsinbyThe Royal Today
4.4%
TarrantHowards' Way
2.1%
Space CityJupiter Moon
1.3%
Parkwood HillMrs Dale's Diary
1%
PolnarrenEcho Beach
0.8%
BrentwichUnited!
0.8%
GlanrafonRownd a Rownd
0.8%
DitchamCitizens
0.5%
AngletonThe Newcomers
0.5%
CastlehulmeThe Practice
0.5%

You're not logged in!

Compare scores with friends on all Sporcle quizzes.
Join for Free
OR
Log In

You Might Also Like...

Show Comments

Extras

Top Quizzes Today


Score Distribution

Your Account Isn't Verified!

In order to create a playlist on Sporcle, you need to verify the email address you used during registration. Go to your Sporcle Settings to finish the process.

Report this User

Report this user for behavior that violates our Community Guidelines.

Details: